000 01283nac a22004097a 4500
001 BR6001690
003 BR-BrBNA
005 20240105113013.0
008 230509b bl.|||m| |||| 00| 0 por d
040 _aBR-BrBNA
_bpor
_cBiblioteca Nacional de Agricultura
072 _aF00
090 _a0430 BR6001690
110 1 _aMinisterio da Agricultura, Rio de Janeiro, GB (Brasil). Servico de Previsao de Safras
_96983
245 1 _aSafras. Regiao nordeste, 1. previsao de safras 1965-1966. Maranhao, Piaui, Ceara, Sergipe, Paraiba, Pernambuco, Alagoas, Rio de Janeiro, Bahia [Brasil]
260 3 _aRio de Janeiro, GB (Brasil):
_c[nd].
300 _a10 p.
490 _aPublicacao - Ministerio da Agricultura. Servico de Previsao de Safras (Brazil)
_vno. 12
_x
500 _aNumerical data; Published 1965 ?
650 _aAlgodao
650 _aMilho
650 _aArroz
650 _aSisal
650 _aPrevisao de safra
650 _aSafra
650 _aMaranhao
650 _aPiaui
650 _aCeara
650 _aSergipe
650 _aParaiba
650 _aPernambuco
650 _aAlagoas
650 _aRio de Janeiro
650 _aBahia
650 _aRegiao nordeste
909 _a202312
_bLúcia Elande
_c55
_dLúcia Elande
942 _2AGRIS
_n0
_cMS
999 _c261365
_d261365